7 návyků skutečně efektivních lidí ověřené postupy osobního rozvoje, kterými můžete změnit nejen sami sebe
Enregistré dans:
| Auteur principal: | |
|---|---|
| Format: | Livre |
| Langue: | tchèque |
| Publié: |
Praha
FranklinCovey
2022
|
| Sujets: | |
| Tags: |
Pas de tags, Soyez le premier à ajouter un tag!
|
MARC
| LEADER | 00000nam a2200000 4500 | ||
|---|---|---|---|
| 001 | 0305621 | ||
| 005 | 20250213111643.1 | ||
| 020 | |a 978-80-905657-4-6 | ||
| 041 | 0 | |a cze | |
| 044 | |a CZ | ||
| 245 | 1 | 0 | |a 7 návyků skutečně efektivních lidí |b ověřené postupy osobního rozvoje, kterými můžete změnit nejen sami sebe |c Stephen R. Covey |
| 264 | 1 | |a Praha |b FranklinCovey |c 2022 | |
| 300 | |a 391 s. | ||
| 610 | 2 | 0 | |a sebapoznanie |
| 610 | 2 | 0 | |a sebariadenie |
| 610 | 2 | 0 | |a rozvoj osobný |
| 610 | 2 | 0 | |a efektívnosť práce |
| 610 | 2 | 0 | |a efektívnosť podnikania |
| 610 | 2 | 0 | |a úspech pracovný |
| 610 | 2 | 0 | |a vedenie ľudí |
| 610 | 2 | 0 | |a práca tímová |
| 610 | 2 | 0 | |a komunikácia |
| 100 | 1 | |a Covey, Stephen R. | |